Les couleurs - Statistiques

Statistiques générales
  • Ce quiz a été pris 383 fois
  • Le résultat moyen est 11 sur 15
Statistiques - réponses
Couleurs % Correct
Bleu
98%
Rouge
98%
Jaune
96%
Noir
96%
Vert
96%
Violet
96%
Blanc
94%
Rose
92%
Orange
91%
Gris
75%
Marron
75%
Beige
37%
Doré
19%
Argenté
15%
Bronze
5%
Aucun quiz correspondant
Distribution des résultats
% des personnes avec chaque résultat
Percentile par nombre de réponses
Votre historique - résultats
Vous n’avez pas pris ce quiz